LEADER 01300nam a2200301 i 4500 001 000000185374 003 CaOOAMICUS 005 20100202000000.0 008 100202s2007 it u000 u ita u 013 $a163377 020 $a978-88-488-0646-6 040 $aSeMil$bita 100 1 $aCanonico, Antonella.$0(OLS)http://semarc/name/68112 245 10$aSemi immortalità :$bil prolungamento indefinito della vita /$cAntonella Canonico e Gabriele Rossi. 260 $aMilano :$bLampi di stampa,$ccopyr. 2007. 300 $a630 p. :$bill. ;$c21 cm. 490 0 $aDiagramma 650 4$aLongevità.$0(OLS)http://semarc/subject/5371 650 4$aVita umana - Biologia.$0(OLS)http://semarc/subject/14321 650 4$aImmortalità.$0(OLS)http://semarc/subject/3701 700 1 $aRossi, Gabriele.$0(OLS)http://semarc/name/12977 830 0$aDiagramma.$0(OLS)http://semarc/title/30601 850 $aSeMil 852 $aSeMil$W1$xVenegono$y1$m3X III 27$j136065$B136065$CSeMilBibl$Z2$F148160 $81 961 $aOmaggio: Scalvinoni Elena 996 $6020$a978-88-488-0646-6$9(OLS)http://semarc/number/175502 996 $6245$aSemi immortalità :$bil prolungamento indefinito della vita$9(OLS)http://semarc/title/266368 996 $6260$aMilano :$bLampi di stampa$9(OLS)http://semarc/publisher/35088 LEADER 01554nam a2200313 i 4500 001 000000117577 003 CaOOAMICUS 005 20040908000000.0 008 040908s2004 it u000 u ita u 013 $a90266 020 $a88-343-1123-X 040 $aSeMil$bita 245 13$aLo spazio politico della regione :$bcittadinanza, azione di governo e politiche pubbliche /$ca cura di Vittorio Emanuele Parsi. 260 $aMilano :$bVita e Pensiero,$cCopyr. 2004. 300 $a381 p. :$btabelle ;$c23 cm. 490 0 $aV&P Università. Relazioni Internazionali e Scienza Politica. ASERI ;$v6 500 $aDono del Card. Dionigi Tettamanzi. 650 4$aPolitica regionale.$0(OLS)http://semarc/subject/21790 650 4$aGlobalizzazione e regionalismo.$0(OLS)http://semarc/subject/21791 650 4$aRegione - Europa - Studio comparato.$0(OLS)http://semarc/subject/21792 700 1 $aParsi, Vittorio Emanuele <1961->.$0(OLS)http://semarc/name/29957 830 0$aUniversità. Relazioni internazionali e scienza politica. ASERI [V&P] ;$v6.$0(OLS)http://semarc/title/14716 850 $aSeMil 852 $aSeMil$W1$xVenegono$y1$m3N III 136$j72943$B72943$CSeMilBibl$Z2$F86460 $81 941 1 $a5 961 $aOmaggio: Tettamanzi Card. Dionigi 996 $6020$a88-343-1123-X$9(OLS)http://semarc/number/101985 996 $6245$aLo spazio politico della regione :$bcittadinanza, azione di governo e politiche pubbliche$9(OLS)http://semarc/title/172596 996 $6260$aMilano :$bVita e Pensiero$9(OLS)http://semarc/publisher/29642